Programování v jazyce Visual Basic 2010

Uložené v:
Podrobná bibliografia
Hlavný autor: Hanák, Ján
Ďalší autori: Fecenko, Jozef, Cárachová, Magdaléna
Médium: Kniha
Jazyk:Czech
Vydavateľské údaje: Kralice na Hané Computer Media 2011
Vydanie:1. vyd.
Predmet:
Tagy: Pridať tag
Žiadne tagy, Buďte prvý, kto otaguje tento záznam!

MARC

LEADER 00000nam a2200000 4500
001 0148422
005 20240502083341.5
020 |a 978-80-7402-112-1 
041 0 |a cze 
044 |a CZ 
245 1 0 |a Programování v jazyce Visual Basic 2010  |c Ján Hanák 
250 |a 1. vyd. 
264 1 |a Kralice na Hané  |b Computer Media  |c 2011 
300 |a 198 s. [11,042 AH] 
610 2 0 |a programovanie 
610 2 0 |a programovanie objektové 
610 2 0 |a jazyky programovacie 
610 2 0 |a softvér 
610 2 0 |a algoritmy 
100 1 |a Hanák, Ján 
700 1 |a Fecenko, Jozef 
700 1 |a Cárachová, Magdaléna